000 01036nam a22002297a 4500
999 _c76429
_d76429
005 20210325214353.0
008 s2550 th tha d
020 _a9786167164120
040 _aNALT
041 1 _atha
_heng
050 _aR 723.5
_bก269ค 2550
100 1 _aกรูพแมน, เจอโรม
_937809
245 1 0 _aคิดแบบหมอหายไว คิดแบบคนไข้ตายเร็ว =
_bHow doctors think /
_cเจอโรม กรูพแมน ; บุญส่ง รักวิริยะ, แปล.
260 _aกรุงเทพฯ :
_bวีเลิร์น,
_c2550.
300 _a324 หน้า ;
_b
_c21 ซม.
650 4 _aแพทย์
_937811
_xการตัดสินใจ
650 4 _aแพทย์
_937812
_xแง่จิตวิทยา
700 0 _937810
_aบุญส่ง รักวิริยะ
850 _aNALT
942 _cGB
_2lcc